Nehru : (Record no. 130462)

MARC details
000 -LEADER
fixed length control field 00654nam a22002297a 4500
005 - DATE AND TIME OF LATEST TRANSACTION
control field 20170124110112.0
010 ## - LIBRARY OF CONGRESS CONTROL NUMBER
LC control number 190653
020 ## - INTERNATIONAL STANDARD BOOK NUMBER
Terms of availability 00.00
035 ## - SYSTEM CONTROL NUMBER
System control number 190653
037 ## - SOURCE OF ACQUISITION
Source of stock number/acquisition Cen Lib/Ret
040 ## - CATALOGING SOURCE
Original cataloging agency DPL
Language of cataloging EN
082 ## - DEWEY DECIMAL CLASSIFICATION NUMBER
Classification number 921
Item number CHA
100 ## - MAIN ENTRY--PERSONAL NAME
Personal name Chakrabarti, Atulananda
9 (RLIN) 29261
245 ## - TITLE STATEMENT
Title Nehru :
Remainder of title his democracy and India /
Statement of responsibility, etc by Atulananda Chakrabarti
260 ## - PUBLICATION, DISTRIBUTION, ETC. (IMPRINT)
Place of publication, distribution, etc Calcutta
Name of publisher, distributor, etc Thacker,s Press
Date of publication, distribution, etc 1961
270 ## - ADDRESS
Address 6-B, Bentinck Street
City Calcutta
300 ## - PHYSICAL DESCRIPTION
Extent xi,437p.
Other physical details 20cm(Hb)
500 ## - GENERAL NOTE
General note Includes index
650 ## - SUBJECT ADDED ENTRY--TOPICAL TERM
Topical term or geographic name as entry element Political Science
9 (RLIN) 29262
650 ## - SUBJECT ADDED ENTRY--TOPICAL TERM
Topical term or geographic name as entry element Prime ministers
9 (RLIN) 16267
942 ## - ADDED ENTRY ELEMENTS (KOHA)
Source of classification or shelving scheme Dewey Decimal Classification
Koha item type English Books
Classification part 921
Call number suffix CHA
Holdings
Withdrawn status Lost status Damaged status Not for loan Home library Current library Date acquired Source of acquisition Cost, normal purchase price Total Checkouts Full call number Barcode Date last seen Copy number Cost, replacement price Price effective from Koha item type
        Central Library Central Library 09/07/2015 Cen Lib/Ret 0.00   921 CHA 190653 09/07/2015 1 0.00 09/07/2015 English Books

© Delhi Public Library
Hit Counter
free hit counter